Mitch McCullar
Don't be Afraid, the Clown's Afraid Too
Categories
Literature - British Literature | 0 | 8 | 1 | 1 | 75 | 123 | 142.63 | 0 | 5 |
Literature - American Literature | 1 | 6 | 1 | 0 | 70 | 71 | 108.14 | 0 | 2 |
Literature - European Literature | 2 | 3 | 3 | 0 | 45 | 63 | 100.00 | 2 | 3 |
Literature - World Literature | 0 | 4 | 0 | 0 | 40 | 91 | 109.75 | 0 | 2 |
Philosophy | 0 | 3 | 0 | 3 | 30 | 137 | 143.67 | 0 | 0 |
History - Other History | 0 | 2 | 0 | 1 | 20 | 104 | 112.50 | 0 | 0 |
Geography | 0 | 2 | 0 | 0 | 20 | 100 | 114.50 | 0 | 1 |
History - US History | 0 | 1 | 0 | 1 | 10 | 156 | 156.00 | 0 | 1 |
Social Science | 0 | 0 | 0 | 0 | 0 | 0.00 | 0 | 0 | |
Beliefs | 0 | 1 | 2 | 0 | 0 | 118 | 118.00 | 0 | 0 |